Úloha managementů v ekonomické reformě.
Úloha top-manažmentu firiem pri realizácii ekonomickej reformy. Motivácia manažmentu v období privatizácie. Kurz manažérov organizovaný belgickými podnikateľmi. Vzťah pracovníka a vlastníka. Miesto systémových opatrení vlády.
Guardado en:
| Autor principal: | |
|---|---|
| Formato: | Capítulo de libro |
| Lenguaje: | checo |
| Materias: | |
| Etiquetas: |
Sin Etiquetas, Sea el primero en etiquetar este registro!
|
MARC
| LEADER | 00000naa a2200000 4500 | ||
|---|---|---|---|
| 001 | r010647 | ||
| 005 | 20220831084909.3 | ||
| 041 | 0 | |a cze | |
| 044 | |a [CS] | ||
| 245 | 1 | 0 | |a Úloha managementů v ekonomické reformě. |c V. Hela |
| 520 | |a Úloha top-manažmentu firiem pri realizácii ekonomickej reformy. Motivácia manažmentu v období privatizácie. Kurz manažérov organizovaný belgickými podnikateľmi. Vzťah pracovníka a vlastníka. Miesto systémových opatrení vlády. | ||
| 610 | 2 | 0 | |a riadenie vrcholové |
| 610 | 2 | 0 | |a firmy |
| 610 | 2 | 0 | |a reformy hospodárske |
| 610 | 2 | 0 | |a privatizácia |
| 610 | 2 | 0 | |a manažéri |
| 610 | 2 | 0 | |a kurzy |
| 100 | 1 | |a Hela, V. | |